000
00312nam a22001337a 4500
008
180202b xxu||||| |||| 00| 0 eng d
020
_a
0022425306
041
_a
eng
080
_a
37
100
_a
47
101
_a
EDU
245
_a
Macmillan english thinking and writing processes
_c
Ackely,E
942
_2
udc
_c
BK
999
_c
41681
_d
41681